Wypisz wszystkie.... #5 - Statystyki

Ogólne statystyki
  • Ten quiz został rozwiązany 2 841 razy
    1 014 od ostatniego zresetowania
  • Średni wynik to 42 z 72
Statystyki odpowiedzi
Odpowiedź % Poprawnych
Ukraina
93%
Litwa
91%
Łotwa
91%
Białoruś
90%
Estonia
89%
Chorwacja
87%
Rosja
87%
Serbia
86%
Bośnia i Hercegowina
85%
Kazachstan
85%
Kosowo
84%
Macedonia Północna
83%
Czarnogóra
82%
Słowenia
80%
Gruzja
79%
Armenia
78%
Mołdawia
78%
Tadżykistan
76%
Azerbejdżan
75%
Turkmenistan
74%
Uzbekistan
74%
Kalifornia
73%
Kirgistan
73%
Nowy Jork
73%
Teksas
72%
Waszyngton
72%
Alaska
69%
Floryda
64%
Karolina Północna
61%
Karolina Południowa
60%
Alabama
58%
Dakota Północna
58%
Dakota Południowa
57%
Hawaje
57%
Nowy Meksyk
57%
Arizona
54%
Ohio
54%
Missisipi
50%
Kolorado
49%
Nevada
49%
Georgia
46%
Wirginia
46%
Illinois
45%
Utah
45%
Kansas
43%
Kentucky
43%
Oklahoma
43%
Pensylwania
43%
Arkansas
42%
Idaho
42%
Luizjana
42%
Missouri
42%
Oregon
42%
Montana
41%
New Jersey
41%
Michigan
40%
Nebraska
39%
Wirginia Zachodnia
39%
Wyoming
39%
Indiana
38%
Iowa
38%
Massachusetts
38%
Minnesota
38%
Rhode Island
38%
Tennessee
38%
Wisconsin
38%
Maine
37%
New Hampshire
34%
Vermont
33%
Maryland
31%
Connecticut
30%
Delaware
30%
Nie znaleziono quizów pasujących do podanych kryteriów
Rozkład punktacji
Procent ludzi z każdym wynikiem
Percentyl według liczby udzielonych odpowiedzi
Twoja historia wyników
Nie rozwiązałeś tego quizu od ostatniego zresetowania